LEADER 01345nam a2200337 u 4500 001 000000032735 003 CaOOAMICUS 005 20070226112302.0 008 971022s1984 it u000 u ita u 020 $a8837212216 035 $a10773888 040 $aPUL(R)$bita$dPUL(R) 041 1 $aita$hfre 100 1 $aImbert, Jean.$0(OLS)http://pul/name/11270 240 10$aProcès de Jésus.$lItaliano.$0(OLS)http://pul/title/45134 245 13$aIl processo di Gesù /$cJean Imbert. 260 $aBrescia :$bMorcelliana,$cc1984. 300 $a182 p. ;$c19 cm 490 1 $aIl pellicano 504 $aBibliografia: p. 177-180. 600 04$aIesus Christus$xProcesso.$0(OLS)http://pul/subject/17360 830 3$aIl pellicano.$0(OLS)http://pul/title/350 850 $aPUL 852 $aPUL$W1$xSL Religione 1$y3$m9 F 48$j45059$nBK-PRI$b $qStampati$B45059$CPULBib$Z2$F45059 $H $81 852 $aPUL$W1$xDP1 Fondo Giannini$y60$m1562 D 9$j45060$nBK-PRI$b $qFondi$B45060$CPULBib$Z2$F45060 $H $81 941 1 $a1 961 $aINV: 53606 961 $aINV: Fondo Giannini 996 $6020$a8837212216$9(OLS)http://pul/number/41116 996 $6245$aIl processo di Gesù$9(OLS)http://pul/title/32313 996 $6260$aBrescia :$bMorcelliana$9(OLS)http://pul/publisher/47854 LEADER 01187nam a2200289 u 4500 001 000000033714 003 CaOOAMICUS 005 20070226112407.0 008 971107s1981 sp u000 u spa u 020 $a8429305947 035 $a10775764 040 $aPUL(R)$bita 041 1 $aspa$hfre 100 1 $aMonloubou, Louis.$0(OLS)http://pul/name/4471 240 10$aEvangile de Matthieu. Homélies année A.$lSpagnolo.$0(OLS)http://pul/title/46390 245 10$aLeer y predicar el evangelio de Mateo :$bCiclo A /$cLouis Monloubou. 260 $aSantander :$bEditorial Sal Terrae,$c1981. 300 $a310 p. ;$c22 cm 490 1 $aColección Ritos y simbolos ;$v15 830 0$aColección Ritos y simbolos ;$v15.$0(OLS)http://pul/title/46392 850 $aPUL 852 $aPUL$W1$xSL Religione 1$y3$m11 I 11$j46274$nBK-PRI$b $qStampati$B46274$CPULBib$Z2$F46274 $H $81 941 1 $a8 961 $aINV: 63027 996 $6020$a8429305947$9(OLS)http://pul/number/42324 996 $6245$aLeer y predicar el evangelio de Mateo :$bCiclo A$9(OLS)http://pul/title/46391 996 $6260$aSantander :$bEditorial Sal Terrae$9(OLS)http://pul/publisher/61814